书目信息 |
| 题名: |
普列汉诺夫社会主义革命思想研究
|
|
| 作者: | 张驰 著 | |
| 分册: | ||
| 出版信息: |
|
|
| 页数: | 231页 | |
| 开本: | 20cm | |
| 丛书名: | ||
| 单 册: | ||
| 中图分类: | D04 | |
| 科图分类: | ||
| 主题词: | 社会主义革命--理论 , 无产阶级专政--理论 , 社会主义革命--关系--无产阶级专政 | |
| 电子资源: | ||
| ISBN: | 7-5117-3672-6 | |
| 000 | 00662nam0 2200205 450 | |
| 001 | 2431883053 | |
| 005 | 20240527085407.68 | |
| 010 | @a7-5117-3672-6@dCNY85.00 | |
| 100 | @a20240527d km y0chiy0120 ea | |
| 101 | 0 | @achi |
| 200 | 1 | @a普列汉诺夫社会主义革命思想研究@APu Lie Han Nuo Fu She Hui Zhu Yi Ge Ming Si Xiang Yan Jiu@f张驰著@FZhang Chi Zhu |
| 215 | @a231页@d20cm | |
| 300 | @a马克思诞辰200周年纪念文库 | |
| 606 | 0 | @a社会主义革命@x理论 |
| 606 | 0 | @a无产阶级专政@x理论 |
| 606 | 0 | @a社会主义革命@x关系@x无产阶级专政 |
| 690 | @aD04@v4 | |
| 701 | 0 | @a张驰@AZhang Chi@4著 |
| 801 | 0 | @aCN@b大连网信软件有限公司图书馆·11@c20240527 |
| 905 | @aZUCC@dD04@eSK65 | |
| 普列汉诺夫社会主义革命思想研究/张驰著 |
| 231页;20cm |
| 马克思诞辰200周年纪念文库 |
| ISBN 7-5117-3672-6:CNY85.00 |
| ● |
| 相关链接 |
|
|
|
|
正题名:普列汉诺夫社会主义革命思想研究
索取号:D04/SK65
 
预约/预借
| 序号 | 登录号 | 条形码 | 馆藏地/架位号 | 状态 | 备注 |
| 1 | 1057269 | 210572691 | 密集书库-马院/ [索取号:D04/SK65] | 在馆 |